000 00339nam a2200133Ia 4500
008 240624s9999 xx 000 0 und d
041 _aeng
082 _a428.2 GOP
100 _aTURTON NIGEL D
245 _aABC OF COMMON GRAMMATICAL ERRORS FOR LEA
260 _c2004
_aNew Delhi
_bMacmillan
300 _axx, : 897 : cm. ; 24
365 _cRS
999 _c2008
_d2008